Logo BPK

Bibliografia Prac Pracowników

Politechniki Koszalińskiej

Kompleksowa optymalizacja procesów gładkościowej obróbki ściernej : szlifowania, docierania i polerowania powierzchni płaskich w elementach z ceramiki korundowej / (Rekord nr 2128)

Szczegóły MARC
000 -ETYKIETA REKORDU
podpole kontrolne o stałej długości 01510nam a2200241 i 4500
001 - NUMER KONTROLNY REKORDU
podpole kontrolne BPP
003 - IDENTYFIKATOR NUMERU KONTROLNEGO REKORDU
podpole kontrolne BPK
005 - DATA OSTATNIEJ MODYFIKACJI REKORDU
podpole kontrolne 20190606151712.0
008 - POLE O STAŁEJ DŁUGOŚCI - DANE KONTROLNE
podpole kontrolne o stałej długości 140528s1981 pl f |000 0 pol
040 ## - ŹRÓDŁO KATALOGOWANIA
Instytucja, która utworzyła rekord BPK
080 ## - UNIWERSALNA KLASYFIKACJA DZIESIĘTNA - UKD
UKD 621.922/.924
080 ## - UNIWERSALNA KLASYFIKACJA DZIESIĘTNA - UKD
UKD 666
100 ## - NAZWA OSOBOWA
Nazwa osobowa KACALAK, Wojciech.
Lata pracy 1970 - 1996.
Instytucja Wyższa Szkoła Inżynierska w Koszalinie - Instytut Budowy Maszyn,
Wydział Zakład Obrabiarek i Obróbki Skrawaniem
245 ## - TYTUŁ/ODPOWIEDZIALNOŚĆ
Tytuł Kompleksowa optymalizacja procesów gładkościowej obróbki ściernej : szlifowania, docierania i polerowania powierzchni płaskich w elementach z ceramiki korundowej /
Pozostałe elementy strefy tytułu i oznaczenia odpowiedzialności Wojciech Kacalak, Zdzisław Pluta, Kazimierz Woźniak.
260 ## - STREFA ADRESU WYDAWNICZEGO
Miejsce wydania Koszalin,
Data publikacji, dystrybucji/powstania dokumentu 1981.
500 ## - UWAGI OGÓLNE
Tekst uwagi Dane z autopsji.
520 ## - UWAGA DOTYCZĄCA TREŚCI DOKUMENTU
Analiza dokumentacyjna, adnotacja itp. Przedstawiono szczegółową dokumentację konstrukcyjną wykonania uchwytów do mechanicznego mocowania pakietów płytek ceramicznych oraz uchwytów podciśnieniowych. Przedstawiono również koncepcję urządzenia w wersji produkcyjnej do wzajemnego docierania płytek ceramicznych, umożliwiającego jednoczesną obróbkę kilkudziesięciu, a nawet kilkuset takich elementów.
650 #0 - HASŁO PRZEDMIOTOWE W FORMIE NAZWY OGÓLNEJ LUB JEDNOSTKOWEJ
Nazwa ogólna lub geograficzna Ceramika.
650 #0 - HASŁO PRZEDMIOTOWE W FORMIE NAZWY OGÓLNEJ LUB JEDNOSTKOWEJ
Nazwa ogólna lub geograficzna Szlifowanie
700 ## - HASŁO DODATKOWE - NAZWA OSOBOWA
Nazwa osobowa WOŹNIAK, Kazimierz.
Lata pracy 1980 - 1989.
Instytucja Wyższa Szkoła Inżynierska w Koszalinie - Instytut Budowy Maszyn,
Wydział Zakład Technologii Maszyn
700 ## - HASŁO DODATKOWE - NAZWA OSOBOWA
Nazwa osobowa PLUTA, Zdzisław.
Lata pracy 1973 - 1996.
Instytucja Wyższa Szkoła Inżynierska w Koszalinie - Instytut Budowy Maszyn,
Wydział Zakład Obrabiarek i Obróbki Skrawaniem
942 ## - HASŁO DODATKOWE - ELEMENTY(KOHA)
Typ dokumentu Materiały nieopublikowane
Schemat klasyfikacji Uniwersalna klasyfikacja dziesiętna
Egzemplarze
Wycofany Zagubiony Uszkodzony Dostępność Lokalizacja stała Lokalizacja bieżąca Sygnatura Typ dokumentu
      Dostępny Bibliografia Prac Pracowników - BPK Bibliografia Prac Pracowników - BPK NB-55/IV Materiały nieopublikowane
© 2014 Biblioteka Politechniki Koszalińskiej :: BIBLIOGRAFIA PRAC PRACOWNIKÓW